Представление документа в формате RUSMARC

ПолеНазваниеЗначение
  Тип записи c
  Библиографический уровень m
001 Контрольный номер UONB/MAIN/b69d3261230f47c7918e0025ff946983
005 Дата корректировки 20250403164506.5
010 Индекс ISBN __
9 Тираж 20000 экз.
013 Номер (ISMN) __
d Цена 1 р. 14 к.
071 Издательские номер (звукозапись и ноты) 21
a Номер, присвоенный агентством 554
100 Данные общей обработки __
a Данные общей обработки 20250403d1977 u y0rusy0189 ca
101 Язык документа 0_
a Язык текста rus
f Язык титульного листа rus
102 Страна публикации __
a Страна публикации RU
125 Кодированные данные звукозаписи и нотных изданий __
a Форма изложения нотного текста с|
128 Кодированные данные (звукозаписи-физические характеристики) __
a Кодированные данные: Музыкальная форма и тональность или лад sg
c Инструменты или голоса, рекомендуемые для солистов (устаревшее) uu
200 Заглавие и сведения об ответственности 1_
a Заглавие Песни
e Сведения, относящиеся к заглавию для голоса с фортепиано
f Первые сведения об ответственности В. Соловьев-Седой
g Последующие сведения об ответственности составитель Г. Краснов
g Последующие сведения об ответственности автор послесловия А. Петров
203 Вид содержания и тип средства __
a Вид содержания Музыка
b Характеристика содержания знаковая
c Тип средства непосредственная
210 Выходные данные 1_
a Место издания Ленинград
a Место издания Москва
c Издательство Советский композитор
d Дата издания 1977
215 Физическое описание __
a Объем 88 с.
c Иллюстрации/тип воспроизводства портр.
d Формат 29 см
327 Примечание о содержании 11
a Примечание о содержании Содерж.: Ода человеку ; Матросская песня / сл. С. Фогельсона. Поезд победы ; Мне песня нужна / сл. А. Шутко. Тени ; Ритмы жизни ; Письмо из экспедиции : из цикла "Мои современники" ; Рано песня кончилась : из кинофильма "Сладкая женщина" / сл. Г. Горбовского. Обелиски / сл. М. Румянцевой. Сегодня наш полк на заре выступает / сл. В. Соловьева-Седого. Парень ты хороший сл. В. Соловьева-Седого и С. Фогельсона. На полустанке : из кинофильма "Незнакомый наследник" / сл. С. Льясова. Колыбельная / сл. Л. Куклина. В сердце у меня ; Если нет любви : из кинофильма "Сладкая женщина" / сл. М. Матусовского.
464 Аналитический уровень _0
1 036
t Я пою о тебе, я пою...
1 702 1
a Фогельсон
b С.
4 520
1 2001
a Ода человеку
464 Аналитический уровень _0
1 036
t Давно, давно, тебя, матрос...
1 702 1
a Фогельсон
b С.
4 520
1 2001
a Матросская песня
464 Аналитический уровень _0
1 036
t Мне не забыть людского моря...
1 702 1
a Шутко
b А.
4 520
1 2001
a Поезд победы
464 Аналитический уровень _0
1 036
t Мне светлая песня такая нужна...
1 702 1
a Шутко
b А.
4 520
1 2001
a Мне песня нужна
464 Аналитический уровень _0
1 036
t Там, в отдаленье, вся в отдаленье...
1 2001
a Тени
e из цикла "Мои современники"
1 50010
a Мои современники
464 Аналитический уровень _0
1 036
t Приходит жизнь, проходит жизнь...
1 702 1
a Горбовский
b Г.
4 520
1 2001
a Ритмы жизни
e из цикла "Мои современники"
1 50010
a Мои современники
464 Аналитический уровень _0
1 036
t Нынче ночь глухая...
1 702 1
a Горбовский
b Г.
4 520
1 2001
a Письмо из экспедиции
e из цикла "Мои современники"
1 50010
a Мои современники
464 Аналитический уровень _0
1 036
t Над рекой печальная звездочка повисла...
1 702 1
a Горбовский
b Г.
4 520
1 2001
a Рано песня кончилась
e из кинофильма "Сладкая женщина"
1 50010
a Сладкая женщина
464 Аналитический уровень _0
1 036
t Тихо в степи, травы скорбят...
1 702 1
a Румянцева
b М.
4 520
1 2001
a Обелиски
464 Аналитический уровень _0
1 702 1
a Соловьев-Седой
b В.
1 2001
a Сегодня наш полк на заре выступает
464 Аналитический уровень _0
1 702 1
a Соловьев-Седой
b В.
4 520
1 702 1
a Фогельсон
b С.
4 520
1 2001
a Парень ты хороший
464 Аналитический уровень _0
1 036
t По лугам, еще не кошенным...
1 702 1
a Льясов
b С.
4 520
1 2001
a На полустанке
e из кинофильма "Незнакомый наследник"
1 50010
a Незнакомый наследник
464 Аналитический уровень _0
1 036
t Лампу потушили, в окнах свет луны...
1 702 1
a Куклин
b Л.
4 520
1 2001
a Колыбельная
464 Аналитический уровень _0
1 036
t Роща белых берез...
1 702 1
a Матусовский
b М.
4 520
1 2001
a В сердце у меня
464 Аналитический уровень _0
1 036
t От дождя намокли крыши и плащи...
1 702 1
a Матусовский
b М.
4 520
1 2001
a Если нет любви
e из кинофильма "Сладкая женщина"
1 50010
a Сладкая женщина
606 Тематические рубрики 0_
a Основная рубрика Песни советских композиторов
x Основная подрубрика Песни из кинофильмов
x Основная подрубрика Лирические песни
610 Ключевые слова 0_
a Ключевые слова сольное пение; песни советских композиторов; лирические песни
686 Индексы других классификаций __
a Классификационный индекс 85.943.4-42(2)я44
2 Код системы rubbk
700 Автор _1
a Фамилия Соловьев-Седой
b Имя (инициалы) В. П.
g Полное личное имя Василий Павлович
f Даты 1907-1979
702 Вторичная интеллектуальная ответственность _1
a Фамилия Краснов
b Имя (инициалы) Г. В.
g Полное личное имя Георгий Викторович
4 Код отношения 220
702 Вторичная интеллектуальная ответственность _1
a Фамилия Петров
b Имя (инициалы) А. П.
g Полное личное имя Андрей Павлович
4 Код отношения 080
801 Источник записи _0
a Страна RU
b Организация Ульяновская ОНБ
c Дата составления 20250403
g Правила каталогизации RCR
801 Источник записи _1
a Страна RU
b Организация Ульяновская ОНБ
c Дата составления 20250403
g Правила каталогизации RCR
901 Тип документа __
t Тип документа m
909 Создатель записи __
a Создатель записи Никитина Т. А.
b Дата создания записи 20250403